000 00518nam a2200205 a 4500
003 OSt
005 20151009081216.0
008 020226s1993 esp 1 spa d
020 _a84-08-00251-1
040 _cBMC
082 _a863
100 1 _aGala, Antonio
_9664
245 1 3 _aLa pasión turca
_cAntonio Gala
250 _a1° ed
260 _aBarcelona
_bPlaneta
_c1993
300 _a346 p.
_c21 cm
490 0 _aAutores españoles e hispanoamericanos
650 2 4 _929289
_aNovela española
942 _2ddc
_cBK
999 _c22721
_d22721